Stardew Valley - Conhece o jogo? - Statistics

Estatísticas Gerais
  • Esse quiz foi jogado 71 vezes
    67 desde o último reset
  • A pontuação média é 16 de 35
Estatísticas das Respostas
Hint Resposta % Correto
Quem é o prefeito? Lewis
92%
Com que o mago tem um/uma filho/filha? Caroline
84%
Como se chama os bichos que moram no Centro Comunitário? Junimos
84%
Quantas mulheres faz aeróbica? 5
82%
Quantos corações são precisos para o Leo vir morar para o vale? 6
82%
Quantos mapas de fazenda existem? 7
80%
Quantos peixes (e seus parentes) são lendários? 10
78%
Quantos filmes existem? 8
78%
Você precisa de Lúpulo para o centro comunitário? (Sim/Não) Não
74%
Quem vende sementes de girassol mais barato? Joja
70%
Quantos dias a fruta antiga demora para crescer? 28
68%
Você recebe um aquecedor no centro comunitário? (Sim/Não) Sim
66%
A que dia da semana o Pierre está fechado? Quarta Feira
62%
Quantos personagens podem vir morar para a fazenda 13
60%
Com quem o prefeito tem um caso? Marnie
56%
Qual destas opções não é necessária para a perfeição? (Amizade máximacom todos/Os quatro obeliscos/Casamento e dois filhos/Nível máximo para cada habilidade) Casamento e dois filhos
52%
Quem opera a Joja no vale? Morris
46%
Por quantas gemas QI você compra a receita do funil na sala do Sr. QI 50
42%
Quem manda bombas pelo correio? Kent
36%
Quantos efeitos existem? 23
32%
Quem lhe envia a receita da Sopa Tom Kha? Sandy
32%
Qual é o deus da religião? Ioba
30%
Quantos itens você tem de doar para acabar o museu? 95
24%
Qual é o festival que ocorre dia 28 do verão? Medusas da lua
24%
Quantos peixes você consegue pescar? (+Peixes lendários sem contarcom os parentes, +peixes do mercado noturno, +ilha gengibre, sem contar covo) 55
18%
Qual item você precisa para fazer o "Chapéu de Bruxa"? Abóbora Dourada
18%
Qual é a fruta/vegetal que tem o preço mais alto? (Sem contarcom o preço da semente e sem contar passar pela jarra ou barril) Cereja de Joia Doce
18%
Em que dia e estação do ano a ferrovia é desbloqueada? 3 do verão
14%
Quando o Krobus faz anos/aniversário? 1 do Inverno
12%
Onde você morava antes de ir para o campo? Zuzu City
12%
Qual era o nome da mãe do Alex? Clara
10%
Para você conseguir a profissão: "Botanista" no nível 10, você precisa deescolher qual profissão no nível 5? Coletor
8%
Quem está em guerra com a república de Ferngill Império Gotoro
8%
Depois de dar o comando de televisão avançado ao George (Quest damulher do pirata) o que você recebe Estilhaço ártico
6%
O que recebe se você tiver transformado pelo menos 1 filho em pomboe ver o canal "???" no dia 26? Boneco antigo
2%
Nenhum quiz correspondente encontrado
Distribuição das Pontuações
Porcentagem de Pessoas com Cada Pontuação
Percentil de Números Respondidos
Sua Pontuação Histórica
Você não jogou esse quiz desde o último reset